Music Quiz

Random Music Quiz

Guess the Song in 5 minutes #241 Quiz Stats

 Plays Quiz not verified by Sporcle

Score 0/11 Timer 05:00
0 Plays Today
Clue No.: Clue: % Correct
Answer`???
100%
Type 9 for clue???
22.2%
Type 10 for clue???
22.2%
Type 1 for clue???
11.1%
Type 7 for clue???
11.1%
Type 2 for clue???
11.1%
Type 4 for clue???
11.1%
Type 5 for clue???
11.1%
Type 8 for clue???
11.1%
Type 6 for clue???
11.1%
Type 3 for clue???
11.1%

You're not logged in!

Compare scores with friends on all Sporcle quizzes.
OR
Log In

You Might Also Like...

Show Comments

Extras

Created Apr 30, 2016ReportNominate
Tags:Guessing Game, hint

Top Quizzes Today


Score Distribution

Your Account Isn't Verified!

In order to create a playlist on Sporcle, you need to verify the email address you used during registration. Go to your Sporcle Settings to finish the process.

Report this User

Report this user for behavior that violates our Community Guidelines.

Details: